| 000 | 00697nam a2200205Ia 4500 | ||
|---|---|---|---|
| 003 | GCL | ||
| 008 | 140319s9999 xx 000 0 ara d | ||
| 020 | _a3646208977 | ||
| 040 |
_aGCL / _cGCL |
||
| 082 | 0 | 4 |
_aق _b962.2 _bم ع |
| 100 | 1 | _aمحمد الجوادى | |
| 245 | 1 | 0 |
_aعثمان محرم مهندس الحقبة الليبرالية المصرية 1924 - 1952 / _cمحمد الجوادى |
| 260 |
_aالقاهرة : _bمكتبة مدبولى ، _c2004 |
||
| 300 |
_a471 ص ؛ _c24 سم |
||
| 490 |
_aصفحات من تاريخ مصر _v53 |
||
| 650 | 0 | 4 | _aالرجال - تراجم |
| 650 | 0 | 4 | _aالمهندسون - تراجم |
| 650 | 0 | 4 | _aعثمان محرم |
| 942 |
_2ddc _cBK |
||
| 999 |
_c45910 _d45910 |
||